[Event "European Youth Chess Championship B18"]
[Site "Prague, Top Hotel Prague"]
[Date "2016.08.21"]
[Round "4.16"]
[White "Rydl, Jiri"]
[Black "Chovan, Milan"]
[Result "1-0"]
[WhiteElo "2401"]
[BlackElo "2231"]
[PlyCount "77"]
[EventDate "2016.08.18"]

1. Nf3 Nf6 2. g3 g6 3. b3 Bg7 4. Bb2 c5 5. c4 d6 6. Bg2 e5 7. Nc3 Nc6 8. O-O
O-O 9. e3 Bf5 10. d3 Qd7 11. Ng5 Rad8 12. Qd2 h6 13. Nge4 Ne8 14. f4 b6 15. a3
Be6 16. Nd5 Ne7 17. Nec3 Nc7 18. Rf2 exf4 19. gxf4 Kh7 20. b4 f5 21. Nxc7 Qxc7
22. Nb5 Qd7 23. Bxg7 Kxg7 24. a4 Kh7 25. a5 a6 26. Na3 bxa5 27. b5 d5 28. bxa6
dxc4 29. Qxa5 cxd3 30. Qxc5 Rc8 31. Qd4 Rc7 32. Rd2 Rd8 33. Rxd3 Qxd4 34. Rxd4
Rb8 35. Bb7 Nc6 36. Rd6 Bd7 37. Rxd7+ Rxd7 38. Bxc6 Rd2 39. a7 1-0

[Event "European Youth Chess Championship B18"]
[Site "Prague, Top Hotel Prague"]
[Date "2016.08.21"]
[Round "4.17"]
[White "Morozov, Nichita"]
[Black "Jablonicky, Martin"]
[Result "1-0"]
[WhiteElo "2398"]
[BlackElo "2198"]
[PlyCount "101"]
[EventDate "2016.08.18"]

1. d4 Nf6 2. Nf3 g6 3. Nbd2 Bg7 4. e4 d6 5. Bd3 O-O 6. O-O a6 7. Re1 e6 8. Nb3
Nc6 9. c3 e5 10. h3 Bd7 11. Bd2 Re8 12. d5 Ne7 13. a4 c6 14. c4 cxd5 15. cxd5
Nexd5 16. exd5 e4 17. Be2 exf3 18. Bxf3 Rc8 19. Bc3 Rxe1+ 20. Qxe1 Qe8 21. Na5
b6 22. Qxe8+ Nxe8 23. Nc6 Bxc6 24. dxc6 Bxc3 25. bxc3 Nc7 26. c4 Kf8 27. g4 Ke7
28. Rb1 Rb8 29. g5 b5 30. axb5 axb5 31. Rb4 f5 32. Be2 Na6 33. Rxb5 Rc8 34.
Rb7+ Nc7 35. f4 Ke6 36. Kf2 d5 37. c5 Ke7 38. Ke3 Kd8 39. Kd4 Ra8 40. Ke5 Ra3
41. Kd6 Ne8+ 42. Kxd5 Nc7+ 43. Kd6 Ne8+ 44. Ke6 Nc7+ 45. Kf6 Kc8 46. Bc4 Re3
47. Kg7 Rxh3 48. Bg8 Rh4 49. Bxh7 Ne6+ 50. Kxg6 Nxc5 51. Kxf5 1-0

[Event "European Youth Chess Championship B18"]
[Site "Prague, Top Hotel Prague"]
[Date "2016.08.21"]
[Round "4.18"]
[White "Haria, Ravi"]
[Black "Zirkelbach, Maj"]
[Result "1/2-1/2"]
[WhiteElo "2394"]
[BlackElo "2189"]
[PlyCount "84"]
[EventDate "2016.08.18"]

1. e4 e5 2. Nf3 Nc6 3. Bc4 Bc5 4. c3 Nf6 5. d3 d6 6. O-O O-O 7. a4 a6 8. Bg5 h6
9. Bh4 Be6 10. Nbd2 Ba7 11. a5 Qd7 12. Bxf6 gxf6 13. Re1 Kh7 14. Nf1 Rg8 15.
Ng3 Bg4 16. Kf1 Rg7 17. Bd5 Rag8 18. Bxc6 bxc6 19. d4 exd4 20. cxd4 c5 21. Qd3
Qb5 22. Qxb5 axb5 23. dxc5 Bxf3 24. gxf3 Bxc5 25. Nh5 Rg1+ 26. Ke2 Rxe1+ 27.
Rxe1 Bd4 28. Kd3 c5 29. e5 Ra8 30. exf6 Kg6 31. Nf4+ Kxf6 32. Nd5+ Kg7 33. b4
Bxf2 34. Re2 Bh4 35. Re4 Bg5 36. h4 f5 37. Re6 Bxh4 38. Nc7 Rc8 39. Nxb5 Bg3
40. a6 cxb4 41. a7 Bf2 42. Rxd6 b3 1/2-1/2

[Event "European Youth Chess Championship B18"]
[Site "Prague, Top Hotel Prague"]
[Date "2016.08.21"]
[Round "4.19"]
[White "Hollan, Petr"]
[Black "Hauge, Lars Oskar"]
[Result "0-1"]
[WhiteElo "2292"]
[BlackElo "2391"]
[PlyCount "64"]
[EventDate "2016.08.18"]

1. e4 c5 2. Nf3 d6 3. d4 cxd4 4. Nxd4 Nf6 5. Nc3 a6 6. Bg5 e6 7. f4 b5 8. e5
dxe5 9. fxe5 Qc7 10. exf6 Qe5+ 11. Qe2 Qxg5 12. Ne4 Qe5 13. Rd1 gxf6 14. g4 Ra7
15. Bg2 Rd7 16. g5 fxg5 17. O-O Be7 18. Nf3 Qg7 19. Qe3 g4 20. Rxd7 Nxd7 21.
Nd4 Ne5 22. a4 bxa4 23. c3 O-O 24. Ng3 Qg5 25. Qe2 Ng6 26. Ne4 Qh4 27. Nc6 f5
28. Nxe7+ Qxe7 29. Ng3 f4 30. Qxg4 fxg3 31. Rxf8+ Qxf8 32. hxg3 Qc5+ 0-1

[Event "European Youth Chess Championship B18"]
[Site "Prague, Top Hotel Prague"]
[Date "2016.08.21"]
[Round "4.20"]
[White "Huber, Martin Christian"]
[Black "Oztekin, Kerem Can"]
[Result "1-0"]
[WhiteElo "2377"]
[BlackElo "1910"]
[PlyCount "39"]
[EventDate "2016.08.18"]

1. Nf3 c5 2. c4 Nf6 3. Nc3 Nc6 4. d4 cxd4 5. Nxd4 g6 6. e4 Bg7 7. Be3 O-O 8.
Be2 d6 9. O-O Bd7 10. Nc2 a5 11. f3 a4 12. Na3 Qa5 13. Nd5 Qd8 14. Nb6 Be6 15.
Nxa8 Qxa8 16. Qd2 Rc8 17. Rac1 Nd7 18. f4 f5 19. Bf3 Rd8 20. Rfd1 1-0

[Event "European Youth Chess Championship B18"]
[Site "Prague, Top Hotel Prague"]
[Date "2016.08.21"]
[Round "4.21"]
[White "Carnicelli, Valerio"]
[Black "Grigorian, Spartak"]
[Result "1-0"]
[WhiteElo "2244"]
[BlackElo "2340"]
[PlyCount "143"]
[EventDate "2016.08.18"]

1. e4 c5 2. Nf3 d6 3. d4 cxd4 4. Nxd4 Nf6 5. Nc3 a6 6. f3 e6 7. Be3 b5 8. Qd2
Nbd7 9. O-O-O Bb7 10. g4 h6 11. h4 b4 12. Na4 Qa5 13. b3 Nc5 14. a3 Nxa4 15.
axb4 Qc7 16. bxa4 Nd7 17. a5 d5 18. Bf4 e5 19. Bg3 dxe4 20. b5 Rb8 21. b6 Bc6
22. Qc3 exd4 23. bxc7 dxc3 24. cxb8=Q+ Nxb8 25. Bxb8 Ba3+ 26. Kb1 O-O 27. Bd6
Rd8 28. Bb5 Rxd6 29. Rxd6 Bxb5 30. Rd8+ Kh7 31. fxe4 Bb4 32. Rb8 Bxa5 33. Rxb5
axb5 34. Rf1 Bd8 35. Rxf7 Bxh4 36. e5 Kg8 37. Rb7 g6 38. Ka2 Bg3 39. e6 Kf8 40.
Kb3 Be1 41. Kb4 h5 42. gxh5 gxh5 43. Kc5 Ke8 44. Rh7 h4 45. Kxb5 Kd8 46. Kc6
Ke8 47. Kd5 Bg3 48. Ke4 Be1 49. Kf3 Bd2 50. e7 Kd7 51. Ke4 Be1 52. Ke5 Bf2 53.
Kf5 Bc5 54. Rxh4 Kxe7 55. Rc4 Kd6 56. Rxc3 Kd5 57. Rd3+ Kc4 58. Ke4 Bg1 59. Rd8
Kc5 60. Kd3 Bh2 61. Rh8 Bg3 62. Rh5+ Kc6 63. Kc4 Bf4 64. Rf5 Bh2 65. Rf6+ Kc7
66. Kd5 Bg1 67. c4 Be3 68. c5 Bg1 69. Rf7+ Kd8 70. Kc6 Be3 71. Rd7+ Ke8 72. Rd5
1-0

[Event "European Youth Chess Championship B18"]
[Site "Prague, Top Hotel Prague"]
[Date "2016.08.21"]
[Round "4.22"]
[White "Bunyatov, Rustam"]
[Black "Pulpan, Jakub"]
[Result "1/2-1/2"]
[WhiteElo "2230"]
[BlackElo "2321"]
[PlyCount "80"]
[EventDate "2016.08.18"]

1. e4 c5 2. Ne2 Nf6 3. Nbc3 a6 4. a4 Nc6 5. g3 d5 6. exd5 Nxd5 7. Bg2 Nc7 8.
O-O g6 9. d3 Bg7 10. Be3 Ne6 11. Qd2 Ncd4 12. Rab1 Nf5 13. b4 Nxe3 14. fxe3 O-O
15. Nd5 a5 16. bxc5 Nxc5 17. Nb6 Ra7 18. Rb5 Nd7 19. Nc4 b6 20. Nd4 Bxd4 21.
exd4 Ba6 22. Rbb1 Bxc4 23. dxc4 Rc7 24. Qe2 Nf6 25. c3 Qd6 26. Rb3 Nd7 27. Rb5
Qa3 28. c5 bxc5 29. Qxe7 Qxa4 30. Rxc5 Qa3 31. Bd5 Nxc5 32. Qxc7 Ne6 33. Qc6
Ng7 34. Qc5 Qxc5 35. dxc5 Ne6 36. Ra1 Nxc5 37. Rxa5 Rc8 38. Ra7 Ne6 39. Ra8
Rxa8 40. Bxa8 Nc7 1/2-1/2

[Event "European Youth Chess Championship B18"]
[Site "Prague, Top Hotel Prague"]
[Date "2016.08.21"]
[Round "4.23"]
[White "Alexiadis, Hristos"]
[Black "Filipets, Egor"]
[Result "1-0"]
[WhiteElo "2226"]
[BlackElo "2301"]
[PlyCount "75"]
[EventDate "2016.08.18"]

1. d4 g6 2. c4 Bg7 3. e4 d6 4. Nc3 Nc6 5. Be3 e5 6. Nge2 exd4 7. Nxd4 Nge7 8.
Be2 O-O 9. O-O f5 10. Nd5 Nxd5 11. exd5 f4 12. dxc6 fxe3 13. cxb7 Bxb7 14. Ne6
exf2+ 15. Rxf2 Qh4 16. Rxf8+ Bxf8 17. Bf3 Bxf3 18. Qxf3 Re8 19. Rf1 Qe7 20.
Nxf8 Qxf8 21. Qxf8+ Rxf8 22. Rxf8+ Kxf8 23. Kf2 Ke7 24. Ke3 a5 25. Kd4 Ke6 26.
b3 h5 27. h4 Kf5 28. c5 dxc5+ 29. Kxc5 Kg4 30. a4 Kxh4 31. b4 axb4 32. Kxb4 Kg3
33. a5 c5+ 34. Kc3 Kxg2 35. a6 h4 36. a7 h3 37. a8=Q+ Kg1 38. Qf3 1-0

[Event "European Youth Chess Championship B18"]
[Site "Prague, Top Hotel Prague"]
[Date "2016.08.21"]
[Round "4.24"]
[White "Redondo, Benavente Jose Carlo"]
[Black "Livaic, Leon"]
[Result "0-1"]
[WhiteElo "2206"]
[BlackElo "2444"]
[PlyCount "78"]
[EventDate "2016.08.18"]

1. e4 e5 2. Nf3 Nc6 3. Nc3 Nf6 4. d4 exd4 5. Nxd4 Bb4 6. Nxc6 bxc6 7. Bd3 d5 8.
exd5 cxd5 9. Qe2+ Be7 10. Bg5 O-O 11. O-O c6 12. h3 Rb8 13. b3 Be6 14. Qf3 Re8
15. Ne2 h6 16. Bf4 Bd6 17. Nd4 Bxf4 18. Qxf4 Bd7 19. Nf5 Bxf5 20. Qxf5 Qa5 21.
c4 Re6 22. cxd5 cxd5 23. Rfd1 Rbe8 24. Qf4 Ne4 25. Bxe4 Rxe4 26. Qd2 Qb5 27.
Re1 Rxe1+ 28. Rxe1 Rxe1+ 29. Qxe1 d4 30. Qd2 d3 31. Kf1 Qd5 32. Ke1 Qd4 33. Kd1
Kh7 34. Ke1 g6 35. Qd1 Qc3+ 36. Qd2 Qe5+ 37. Kd1 Qa1+ 38. Qc1 Qxa2 39. Qc4 Qe2+
0-1

[Event "European Youth Chess Championship B18"]
[Site "Prague, Top Hotel Prague"]
[Date "2016.08.21"]
[Round "4.25"]
[White "Schwander, Lukas"]
[Black "Suarez, Gomez Julio"]
[Result "0-1"]
[WhiteElo "2199"]
[BlackElo "2429"]
[PlyCount "48"]
[EventDate "2016.08.18"]

1. d4 d5 2. c4 e6 3. Nc3 c6 4. e4 dxe4 5. Nxe4 Bb4+ 6. Nc3 c5 7. Be3 Nf6 8.
Nge2 cxd4 9. Qxd4 Nbd7 10. a3 Bc5 11. Qd2 O-O 12. Rd1 b6 13. Ng3 Bb7 14. Bxc5
bxc5 15. f3 Qb6 16. Na4 Qb3 17. Qa5 Bc6 18. Nc3 Qxb2 19. Rb1 Qc2 20. Be2 Rab8
21. O-O h5 22. Rfd1 Rxb1 23. Rxb1 h4 24. Nf1 h3 0-1

[Event "European Youth Chess Championship B18"]
[Site "Prague, Top Hotel Prague"]
[Date "2016.08.21"]
[Round "4.26"]
[White "Miknevicius, Laurynas"]
[Black "Capone, Nicola"]
[Result "1/2-1/2"]
[WhiteElo "2150"]
[BlackElo "2392"]
[PlyCount "99"]
[EventDate "2016.08.18"]

1. d4 Nf6 2. c4 e6 3. Nf3 d5 4. Nc3 Bb4 5. Bg5 h6 6. Bxf6 Qxf6 7. e3 O-O 8. Rc1
dxc4 9. Bxc4 c5 10. O-O cxd4 11. Ne4 Qe7 12. a3 Ba5 13. Qxd4 Rd8 14. Qe5 Bc7
15. Qh5 b6 16. Nd4 Bb7 17. Bd3 Rd5 18. Qe2 Be5 19. Nb5 a6 20. Nbc3 Rd8 21. Rfd1
Nd7 22. Bb1 Rac8 23. f4 Bb8 24. Rd2 f5 25. Ng3 Nf6 26. Rcd1 Rxd2 27. Qxd2 b5
28. h3 g5 29. Ba2 Kh7 30. Nce2 Ba7 31. fxg5 hxg5 32. Nd4 Bxd4 33. Qxd4 Rc2 34.
Rd2 Rxd2 35. Qxd2 Kg6 36. Bb1 Qc5 37. b4 Qe5 38. Nf1 Nd5 39. g4 Kf6 40. gxf5
exf5 41. Kf2 f4 42. e4 Ne7 43. Nh2 Kg7 44. Ng4 Qe6 45. Qb2+ Kh7 46. Qd4 Qb3 47.
Bd3 Qa2+ 48. Kg1 Qe6 49. Kf2 Qa2+ 50. Kg1 1/2-1/2

[Event "European Youth Chess Championship B18"]
[Site "Prague, Top Hotel Prague"]
[Date "2016.08.21"]
[Round "4.27"]
[White "Stepan, Patrik"]
[Black "Percivaldi, Martin"]
[Result "0-1"]
[WhiteElo "2145"]
[BlackElo "2361"]
[PlyCount "114"]
[EventDate "2016.08.18"]

1. d4 Nf6 2. c4 e6 3. Nf3 b6 4. g3 Ba6 5. b3 Bb7 6. Bg2 Bb4+ 7. Bd2 c5 8. Bxb4
cxb4 9. Nbd2 O-O 10. O-O d6 11. Re1 Qc7 12. Rc1 a5 13. Qc2 Nbd7 14. Qb2 e5 15.
e4 Rfe8 16. Qb1 Nf8 17. Bh3 Ng6 18. Re3 Bc6 19. d5 Bd7 20. Bxd7 Nxd7 21. Ne1
Nc5 22. a4 Rf8 23. Nd3 Qd7 24. Nxc5 bxc5 25. Rf1 Rae8 26. Qd1 Ne7 27. f4 exf4
28. gxf4 Ng6 29. f5 Ne5 30. f6 Ng6 31. fxg7 Kxg7 32. Rg3 f6 33. Rf5 Rxe4 34.
Nxe4 Qxf5 35. Nxd6 Qe5 36. Nb5 Kh8 37. d6 Nf4 38. Kf1 Rd8 39. Qg4 Qa1+ 40. Kf2
Qb2+ 41. Kf3 Ng6 42. Qe6 Qxb3+ 43. Kf2 Qb2+ 44. Kg1 Nf4 45. Qe7 Ne2+ 46. Kf1
Nxg3+ 47. hxg3 Rg8 48. d7 Qc1+ 49. Kg2 Qc2+ 50. Kh3 Qf5+ 51. Kg2 Qc2+ 52. Kh3
Qf2 53. g4 h5 54. g5 fxg5 55. Qe5+ Kh7 56. Qe4+ Kh6 57. Qe6+ Rg6 0-1

[Event "European Youth Chess Championship B18"]
[Site "Prague, Top Hotel Prague"]
[Date "2016.08.21"]
[Round "4.28"]
[White "Sawlin, Leonid"]
[Black "Syvalahti, Timo"]
[Result "1-0"]
[WhiteElo "2322"]
[BlackElo "2139"]
[PlyCount "115"]
[EventDate "2016.08.18"]

1. e4 e6 2. d4 d5 3. e5 c5 4. c3 Nc6 5. Nf3 Bd7 6. a3 Nge7 7. Bd3 Nf5 8. Bxf5
exf5 9. dxc5 Be6 10. b4 Be7 11. O-O g5 12. Nd4 Qd7 13. f4 g4 14. Be3 a6 15. Qd3
O-O 16. Nd2 Rfd8 17. Rfe1 h5 18. Nf1 Kg7 19. Bf2 Kg6 20. Ne3 Rh8 21. Red1 Nxd4
22. Qxd4 Rad8 23. Qd3 Qc6 24. Nc2 h4 25. a4 h3 26. Nd4 Qc7 27. g3 Ra8 28. Nc2
Qc8 29. Bd4 Rd8 30. Ne3 Kh6 31. Rf1 Rg8 32. Rf2 Qd7 33. Rd2 Rgd8 34. Qc2 Qc8
35. Rf1 Rg8 36. c4 dxc4 37. Nxc4 Bxc4 38. Qxc4 Qe6 39. Qxe6+ fxe6 40. Be3 Rgd8
41. Rfd1 Rxd2 42. Rxd2 Rd8 43. Rxd8 Bxd8 44. b5 axb5 45. axb5 Kg7 46. b6 Bxb6
47. cxb6 Kf7 48. Kf2 Ke7 49. Ke2 Kd7 50. Kd3 Kc6 51. Kc4 Kd7 52. Kb5 Ke7 53.
Bc5+ Ke8 54. Bd6 Kf7 55. Kc5 Ke8 56. Bc7 Ke7 57. Bd8+ Ke8 58. Kd6 1-0

[Event "European Youth Chess Championship B18"]
[Site "Prague, Top Hotel Prague"]
[Date "2016.08.21"]
[Round "4.29"]
[White "Rajkovic, Mladen"]
[Black "Kassay, Krisztian"]
[Result "1-0"]
[WhiteElo "2286"]
[BlackElo "2124"]
[PlyCount "81"]
[EventDate "2016.08.18"]

1. e4 c5 2. Nf3 e6 3. d4 cxd4 4. Nxd4 Nc6 5. Be3 Nf6 6. f3 a6 7. c4 Bb4+ 8. Nc3
d5 9. Nxc6 bxc6 10. e5 Nd7 11. f4 Nc5 12. Qc2 Qa5 13. Bd2 d4 14. Nb1 Rb8 15.
Kf2 d3 16. Qc1 Nb3 17. Bxb4 Rxb4 18. axb3 Qxa1 19. Qc3 Qa5 20. Nd2 Qb6+ 21. c5
Rxf4+ 22. Ke3 Qb4 23. Bxd3 Rg4 24. Be4 Qxc3+ 25. bxc3 Ke7 26. Nc4 Rd8 27. Bxc6
f6 28. Bf3 Rg5 29. h4 Rg3 30. b4 Bb7 31. Kf4 Rxf3+ 32. gxf3 fxe5+ 33. Nxe5 Rf8+
34. Kg3 Rf5 35. Re1 g5 36. h5 Rf8 37. c6 Bc8 38. c4 Kd6 39. b5 axb5 40. cxb5
Rf5 41. b6 1-0

[Event "European Youth Chess Championship B18"]
[Site "Prague, Top Hotel Prague"]
[Date "2016.08.21"]
[Round "4.30"]
[White "Fidalgo, Andre Neves"]
[Black "Tuomainen, Felix"]
[Result "0-1"]
[WhiteElo "2266"]
[BlackElo "2087"]
[PlyCount "76"]
[EventDate "2016.08.18"]

1. e4 e6 2. d4 d5 3. Nd2 a6 4. Ngf3 c5 5. exd5 exd5 6. dxc5 Bxc5 7. Bd3 Qe7+ 8.
Qe2 Qxe2+ 9. Kxe2 Nf6 10. Nb3 Bb6 11. Be3 Bxe3 12. Kxe3 O-O 13. Rae1 Nc6 14.
Kd2 Nb4 15. Re7 Nc6 16. Ree1 Nb4 17. Nbd4 Nxd3 18. cxd3 Bd7 19. Re7 Rfe8 20.
Rhe1 Ne4+ 21. R1xe4 dxe4 22. Rxd7 exf3 23. Nxf3 b5 24. Ng5 h6 25. Nf3 Rad8 26.
Ra7 Rd6 27. d4 Rg6 28. Ne1 Rge6 29. Nd3 Re2+ 30. Kd1 R2e7 31. Rxa6 Rd7 32. Kd2
Rxd4 33. Kc3 Red8 34. Nb4 Rc4+ 35. Kb3 Rd2 36. Rb6 Rc5 37. h4 Rf5 38. g4 Rf3+
0-1

[Event "European Youth Chess Championship B18"]
[Site "Prague, Top Hotel Prague"]
[Date "2016.08.21"]
[Round "4.31"]
[White "Egri, Laszlo Jr"]
[Black "Markocic, Tine"]
[Result "1/2-1/2"]
[WhiteElo "2257"]
[BlackElo "2073"]
[PlyCount "55"]
[EventDate "2016.08.18"]

1. Nf3 c5 2. c4 Nf6 3. g3 g6 4. Bg2 Bg7 5. O-O O-O 6. d4 cxd4 7. Nxd4 Nc6 8.
Nc3 Nxd4 9. Qxd4 d6 10. Qd3 Rb8 11. Bf4 Bf5 12. e4 Be6 13. Rfd1 Nd7 14. b3 a6
15. Rac1 Qa5 16. Bd2 Ne5 17. Qe2 Nc6 18. Na4 Nd4 19. Qd3 Qh5 20. f3 f5 21. Re1
fxe4 22. Qxe4 d5 23. Qe3 Rxf3 24. Qg5 Qxg5 25. Bxg5 dxc4 26. Bf4 Rxf4 27. gxf4
Bg4 28. Kf2 1/2-1/2

[Event "European Youth Chess Championship B18"]
[Site "Prague, Top Hotel Prague"]
[Date "2016.08.21"]
[Round "4.32"]
[White "Theocharous, Stelios"]
[Black "Tokranovs, Dmitrijs"]
[Result "1/2-1/2"]
[WhiteElo "1972"]
[BlackElo "2257"]
[PlyCount "130"]
[EventDate "2016.08.18"]

1. e4 e5 2. Nf3 d6 3. d4 exd4 4. Nxd4 Nf6 5. Nc3 Be7 6. Be2 O-O 7. O-O Re8 8.
Re1 a6 9. a4 h6 10. Be3 Nbd7 11. Qd2 Bf8 12. f3 c6 13. a5 Ne5 14. Na4 c5 15.
Nb3 Be6 16. Nb6 Rb8 17. c4 Nfd7 18. Nd5 f5 19. exf5 Bxf5 20. f4 Nc6 21. Bd3
Bxd3 22. Qxd3 Nf6 23. Bd2 Qd7 24. Nxf6+ gxf6 25. Nxc5 Qf7 26. Ne4 Rbd8 27. Bc3
Be7 28. Rad1 f5 29. Ng3 Rf8 30. Qd5 Bh4 31. Re6 Kh7 32. Rxd6 Rxd6 33. Qxf7+
Rxf7 34. Rxd6 Bd8 35. Rd5 Kg6 36. Ne2 Bc7 37. g3 Re7 38. Nd4 Nxd4 39. Bxd4 Re4
40. Be5 Bxe5 41. fxe5 Rxc4 42. Rd6+ Kg5 43. Rb6 Rc5 44. Rxb7 Rxe5 45. b4 Re2
46. h3 Rb2 47. Rb6 h5 48. Rxa6 Rxb4 49. Ra8 Ra4 50. a6 Kg6 51. a7 Kg7 52. Kf2
h4 53. gxh4 Ra3 54. h5 f4 55. h6+ Kh7 56. Kg2 Rg3+ 57. Kf2 Ra3 58. h4 Ra6 59.
Kf3 Ra4 60. Kg4 f3+ 61. Kxf3 Ra3+ 62. Ke4 Ra4+ 63. Kd5 Ra1 64. Kc4 Ra4+ 65. Kb5
Ra1 1/2-1/2

[Event "European Youth Chess Championship B18"]
[Site "Prague, Top Hotel Prague"]
[Date "2016.08.21"]
[Round "4.33"]
[White "Whatley, Stephen A J"]
[Black "Nikolovski, Nikola"]
[Result "0-1"]
[WhiteElo "2073"]
[BlackElo "2252"]
[PlyCount "100"]
[EventDate "2016.08.18"]

1. d4 c5 2. c3 Nf6 3. Nf3 e6 4. Bg5 b6 5. e4 h6 6. Bxf6 gxf6 7. Nbd2 d6 8. g3
Be7 9. Bg2 Nd7 10. O-O Bb7 11. Qe2 Qc7 12. a4 a6 13. Nh4 h5 14. f4 O-O-O 15. d5
Rdg8 16. c4 f5 17. Ndf3 fxe4 18. Ng5 Bxg5 19. fxg5 Ne5 20. dxe6 fxe6 21. Bxe4
Rxg5 22. Rf6 Bxe4 23. Qxe4 Qb7 24. Qf4 Rg4 25. Rf8+ Kd7 26. Rxh8 Rxf4 27. gxf4
Kc6 28. Rxh5 Qf7 29. Rxe5 dxe5 30. fxe5 Qf4 31. Ng2 Qxc4 32. Rd1 Qxa4 33. Rd6+
Kc7 34. h4 Qa1+ 35. Kh2 Qxb2 36. Rxe6 Qe2 37. Kg3 Qd3+ 38. Kg4 Qe2+ 39. Kg3
Qd3+ 40. Kg4 c4 41. Nf4 Qd1+ 42. Kf5 c3 43. h5 c2 44. h6 c1=Q 45. Re7+ Kc6 46.
h7 Qd8 47. Ng6 Qf1+ 48. Kg5 Qd2+ 49. Kh5 Qh3+ 50. Nh4 Qd8 0-1

[Event "European Youth Chess Championship B18"]
[Site "Prague, Top Hotel Prague"]
[Date "2016.08.21"]
[Round "4.34"]
[White "Kilic, Cihan"]
[Black "Triger, Ramon"]
[Result "0-1"]
[WhiteElo "1893"]
[BlackElo "2215"]
[PlyCount "34"]
[EventDate "2016.08.18"]

1. d4 Nf6 2. Nf3 g6 3. c4 Bg7 4. Nc3 O-O 5. Bf4 d6 6. h3 Nc6 7. e3 Nd7 8. Be2
h6 9. a3 e5 10. Bh2 f5 11. d5 Ne7 12. g4 a5 13. gxf5 Nxf5 14. Rg1 Kh7 15. Qc2
Nc5 16. O-O-O Qe7 17. Na4 Bd7 0-1

[Event "European Youth Chess Championship B18"]
[Site "Prague, Top Hotel Prague"]
[Date "2016.08.21"]
[Round "4.35"]
[White "Garriga, Cazorla Pere"]
[Black "Shpati, Ted"]
[Result "1-0"]
[WhiteElo "2392"]
[BlackElo "2084"]
[PlyCount "83"]
[EventDate "2016.08.18"]

1. d4 Nf6 2. c4 e6 3. g3 d5 4. Nf3 Be7 5. Bg2 O-O 6. O-O dxc4 7. Qc2 a6 8. a4
Bd7 9. Qxc4 Bc6 10. Bg5 a5 11. Nc3 Na6 12. Bxf6 Bxf6 13. e4 Nb4 14. Rfd1 Rc8
15. Rac1 Qe8 16. b3 g6 17. d5 Bd7 18. Nd4 Bxd4 19. Qxd4 b6 20. f4 Na6 21. f5 e5
22. Qe3 f6 23. d6 c5 24. Nd5 Nb4 25. Nxb6 Rc6 26. Nc4 Qd8 27. fxg6 hxg6 28. Qh6
Rf7 29. Qxg6+ Rg7 30. Qh6 Be6 31. Bh3 Bf7 32. Bf5 Bxc4 33. bxc4 Rxd6 34. Be6+
Kf8 35. Qh8+ Ke7 36. Qxg7+ Kxe6 37. Rxd6+ Qxd6 38. Qg4+ Kf7 39. Rd1 Nd3 40. Qe2
Qd4+ 41. Kg2 Qb2 42. Rd2 1-0

[Event "European Youth Chess Championship B18"]
[Site "Prague, Top Hotel Prague"]
[Date "2016.08.21"]
[Round "4.36"]
[White "Karas, Marek"]
[Black "Jonsson, Gauti Pall"]
[Result "1-0"]
[WhiteElo "2278"]
[BlackElo "2075"]
[PlyCount "89"]
[EventDate "2016.08.18"]

1. d4 e6 2. c4 f5 3. Nf3 Nf6 4. g3 Be7 5. Bg2 O-O 6. O-O d6 7. Nc3 a5 8. Qc2
Nc6 9. a3 e5 10. dxe5 dxe5 11. Rd1 Qe8 12. e4 Bc5 13. Be3 Bxe3 14. fxe3 Ng4 15.
Qe2 Qh5 16. h3 Nf6 17. exf5 Bxf5 18. Nh4 Qxe2 19. Nxe2 Be4 20. Nc3 Bxg2 21.
Kxg2 e4 22. g4 Ne5 23. b3 Nfxg4 24. hxg4 Nxg4 25. Kg1 Nxe3 26. Rd2 Rf4 27. Ng2
Nxg2 28. Rxg2 Rf3 29. Nxe4 Rxb3 30. Rd1 Rf8 31. Nc5 Re3 32. Nxb7 Rxa3 33. c5
Rc3 34. Nd8 Rf6 35. c6 a4 36. Re1 Rcf3 37. Ne6 Rg6 38. Rxg6 hxg6 39. Nxc7 Rc3
40. Nd5 Rc2 41. c7 Kf8 42. Rb1 Ke8 43. Rb8+ Kd7 44. Rd8+ Ke6 45. c8=Q+ 1-0

[Event "European Youth Chess Championship B18"]
[Site "Prague, Top Hotel Prague"]
[Date "2016.08.21"]
[Round "4.37"]
[White "Koehn, Lennart"]
[Black "Laiz, Ibanez Hector"]
[Result "0-1"]
[WhiteElo "2048"]
[BlackElo "2229"]
[PlyCount "58"]
[EventDate "2016.08.18"]

1. e4 c5 2. Nf3 d6 3. d4 cxd4 4. Nxd4 Nf6 5. Nc3 a6 6. h3 e6 7. g4 h6 8. Bg2 g5
9. h4 Rg8 10. hxg5 hxg5 11. Be3 Nbd7 12. f3 Ne5 13. Qc1 Nfd7 14. Rh5 Be7 15.
Bf1 b5 16. Qd2 Bb7 17. Qh2 Bf6 18. a3 Nb6 19. Rd1 Nbc4 20. Bc1 Rc8 21. Bxc4
Rxc4 22. Qf2 Rxd4 23. Rxd4 Nxf3+ 24. Qxf3 Bxd4 25. Qd3 Be5 26. Be3 Qf6 27. Nxb5
Qf3 28. Nd4 Qxg4 29. Rh6 Qxe4 0-1

[Event "European Youth Chess Championship B18"]
[Site "Prague, Top Hotel Prague"]
[Date "2016.08.21"]
[Round "4.38"]
[White "Pein, Jonathan"]
[Black "Seresin, Francesco"]
[Result "1/2-1/2"]
[WhiteElo "1980"]
[BlackElo "2200"]
[PlyCount "103"]
[EventDate "2016.08.18"]

1. b3 e5 2. Bb2 Nc6 3. e3 Nf6 4. Bb5 Bd6 5. Ne2 Qe7 6. Ng3 g6 7. O-O a6 8. Bd3
O-O 9. Nc3 Bc5 10. Qf3 Ba7 11. Bc4 d6 12. Nge4 Nxe4 13. Qxe4 Bf5 14. Qf3 Be6
15. Nd5 Bxd5 16. Bxd5 Qd7 17. Qf6 Qd8 18. Qf3 Qd7 19. Qf6 Qf5 20. Qxf5 gxf5 21.
Bxc6 bxc6 22. c4 f6 23. Ba3 c5 24. Rac1 Kf7 25. Rfd1 Ke6 26. f4 c6 27. d4 cxd4
28. c5 d5 29. exd4 e4 30. Rc3 Rg8 31. g3 h5 32. h4 Rab8 33. b4 Rb7 34. Kf2 Bb8
35. Rb1 Bc7 36. Rcb3 Rgb8 37. Bc1 a5 38. a3 Kd7 39. Bd2 Kc8 40. Bc3 axb4 41.
axb4 Ra8 42. Ra1 Rxa1 43. Bxa1 Ra7 44. Bb2 Ra2 45. Ke2 Kb7 46. Kd2 Ka6 47. Kc3
Kb5 48. Ra3 Rxa3+ 49. Bxa3 e3 50. Bc1 e2 51. Bd2 Ka4 52. Kb2 1/2-1/2

[Event "European Youth Chess Championship B18"]
[Site "Prague, Top Hotel Prague"]
[Date "2016.08.21"]
[Round "4.39"]
[White "Sinanovic, Ermin"]
[Black "Krutsky, Martin"]
[Result "1-0"]
[WhiteElo "2175"]
[BlackElo "2035"]
[PlyCount "115"]
[EventDate "2016.08.18"]

1. d4 Nf6 2. c4 g6 3. Nc3 Bg7 4. e4 d6 5. f3 O-O 6. Be3 e5 7. Nge2 c6 8. Qd2
Nbd7 9. g4 exd4 10. Nxd4 Ne5 11. Be2 a6 12. O-O-O Qc7 13. h4 h5 14. g5 Nh7 15.
f4 Ng4 16. f5 Nxe3 17. Qxe3 Re8 18. f6 Bf8 19. Qf4 b5 20. Kb1 Be6 21. Nxe6 Rxe6
22. Rdf1 Qa5 23. Bf3 bxc4 24. Rd1 Rb8 25. Qc1 Qb4 26. Rd4 d5 27. exd5 Re3 28.
Rxc4 Rxf3 29. Rxb4 Bxb4 30. Ka1 Bxc3 31. bxc3 cxd5 32. Rd1 Rc8 33. Kb2 Rh3 34.
Qf4 Rhxc3 35. Rxd5 Nf8 36. Qd2 R3c4 37. Rd4 Ne6 38. Rxc4 Rxc4 39. Qd6 Rxh4 40.
Qxa6 Rg4 41. Qa8+ Nf8 42. a4 h4 43. Kb3 Rxg5 44. Qh1 Rh5 45. Qh3 Ne6 46. Kb4
Kh7 47. a5 Nf4 48. Qd7 h3 49. Qxf7+ Kh6 50. Qg7+ Kg5 51. f7 h2 52. f8=Q Nd5+
53. Kb3 h1=Q 54. Qd8+ Kf4 55. Qd4+ Kg3 56. Qd6+ Kh3 57. Qd3+ Kg4 58. Q6g3# 1-0

[Event "European Youth Chess Championship B18"]
[Site "Prague, Top Hotel Prague"]
[Date "2016.08.21"]
[Round "4.40"]
[White "De, Block Yordi"]
[Black "Friedland, Moshe"]
[Result "1/2-1/2"]
[WhiteElo "2015"]
[BlackElo "2170"]
[PlyCount "91"]
[EventDate "2016.08.18"]

1. d4 Nf6 2. Bg5 Ne4 3. Bf4 c5 4. d5 Qb6 5. Bc1 e6 6. f3 Nf6 7. e4 exd5 8. exd5
Bd6 9. Na3 O-O 10. Nc4 Qc7 11. Ne2 Re8 12. Bg5 b5 13. Bxf6 bxc4 14. Bc3 Bxh2
15. Kf2 Be5 16. Rh4 d6 17. Bxe5 Rxe5 18. Nc3 Bf5 19. g4 g5 20. Rh6 Bg6 21. Bxc4
Nd7 22. Bd3 Nf6 23. Bxg6 fxg6 24. Rh1 Qf7 25. Kg2 Rf8 26. Rf1 Nxd5 27. Nxd5
Rxd5 28. Qe2 Re8 29. Qf2 Rde5 30. Rfe1 Qe6 31. Rxe5 Qxe5 32. Rd1 Re6 33. c4 Qf4
34. b3 h5 35. gxh5 gxh5 36. Re1 Rxe1 37. Qxe1 Qe5 38. Qd2 h4 39. Qf2 Kg7 40. b4
Qd4 41. Qe2 Qe5 42. Qxe5+ dxe5 43. b5 Kf7 44. a4 Ke7 45. a5 Kd7 46. Kh3 1/2-1/2